[Event "TUR-chT"]
[Site "Ankara"]
[Date "2023.07.18"]
[Round "9.24"]
[White "Ipek, Egehan"]
[Black "Altun, Arda"]
[Result "1-0"]
[WhiteElo "2258"]
[BlackElo "2218"]
[PlyCount "57"]
[EventDate "2023.07.10"]
[EventType "team-tourn"]
[EventRounds "11"]
[EventCountry "TUR"]
[SourceTitle "EXT 2024"]
[Source "ChessBase"]
[SourceDate "2023.10.10"]
[SourceVersion "1"]
[SourceVersionDate "2023.10.10"]
[SourceQuality "1"]
[WhiteTeam "Karaman Futbol"]
[BlackTeam "Burhaniye"]
[WhiteTeamCountry "TUN"]
[BlackTeamCountry "TUN"]

1. Nf3 d5 2. e3 Nf6 3. c4 c6 4. Nc3 Bg4 5. Qb3 Qb6 6. Ne5 Be6 7. d4 Nbd7 8. Nxd7 Bxd7 9. Na4 Qc7 10. Nc5 e6 11. Qxb7 Qxb7 12. Nxb7 Bb4+ 13. Ke2 dxc4 14. a3 Be7 15. Ke1 Rb8 16. Na5 c5 17. dxc5 Bxc5 18. Nxc4 0-0 19. b4 Be7 20. Bb2 Rfd8 21. Bd4 Bc6 22. Bxa7 Ra8 23. Na5 Bd5 24. Bd4 Rac8 25. f3 Rc2 26. Rg1 Nd7 27. Bd3 Rdc8 28. Bxc2 Rxc2 29. Kd1 1-0

[Event "TUR-chT"]
[Site "Ankara"]
[Date "2023.07.15"]
[Round "6.5"]
[White "Kilic, Eray"]
[Black "Ipek, Egehan"]
[Result "1-0"]
[WhiteElo "2422"]
[BlackElo "2258"]
[PlyCount "85"]
[EventDate "2023.07.10"]
[EventType "team-tourn"]
[EventRounds "11"]
[EventCountry "TUR"]
[SourceTitle "EXT 2024"]
[Source "ChessBase"]
[SourceDate "2023.10.10"]
[SourceVersion "1"]
[SourceVersionDate "2023.10.10"]
[SourceQuality "1"]
[WhiteTeam "Gokturk"]
[BlackTeam "Karaman Futbol"]
[WhiteTeamCountry "TUR"]
[BlackTeamCountry "TUN"]

1. e4 c6 2. d4 d5 3. e5 Bf5 4. h4 h5 5. c4 dxc4 6. Bxc4 e6 7. Nc3 Nd7 8. Nge2 Be7 9. Ng3 Bg6 10. 0-0 Bxh4 11. Nge4 Be7 12. Re1 Nb6 13. Be2 Nd5 14. Nxd5 Qxd5 15. Bf3 Qd7 16. Qb3 h4 17. Bf4 Bxe4 18. Bxe4 g5 19. Be3 Nh6 20. Rad1 Ng4 21. Bc1 0-0-0 22. f3 Nh6 23. Be3 Kb8 24. Rc1 Rc8 25. Qa4 a6 26. Red1 Rhd8 27. Qb3 b5 28. a4 Nf5 29. axb5 axb5 30. Bf2 Ng3 31. Ra1 Nxe4 32. fxe4 Rc7 33. d5 exd5 34. Ra6 Rb7 35. exd5 cxd5 36. Rda1 d4 37. Qc2 Rc7 38. Ra8+ Kb7 39. R8a7+ Kc8 40. Ra8+ Kb7 41. R1a7+ Kb6 42. Rxc7 Qxc7 43. Ra6+ 1-0

[Event "Munich Pfingst op-A 1st"]
[Site "Munich"]
[Date "2023.06.06"]
[Round "9"]
[White "Ipek, Egehan"]
[Black "Zysk, Robert"]
[Result "1/2-1/2"]
[WhiteElo "2308"]
[BlackElo "2391"]
[PlyCount "48"]
[EventDate "2023.05.31"]
[EventType "swiss"]
[EventRounds "9"]
[EventCountry "GER"]
[SourceTitle "EXT 2024"]
[Source "ChessBase"]
[SourceDate "2023.10.10"]
[SourceVersion "1"]
[SourceVersionDate "2023.10.10"]
[SourceQuality "1"]

1. d4 e6 2. Nf3 Nf6 3. Bg5 b6 4. Nbd2 Bb7 5. e4 h6 6. Bxf6 Qxf6 7. Bd3 d6 8. Qe2 Qd8 9. c4 Nd7 10. Rd1 Be7 11. 0-0 c5 12. e5 cxd4 13. exd6 Bxd6 14. Ne4 Nc5 15. Bc2 0-0 16. Rxd4 Nxe4 17. Bxe4 Bxe4 18. Qxe4 Qc7 19. Rfd1 Rad8 20. g3 Be7 21. Kg2 Rxd4 22. Rxd4 Bf6 23. Rd2 Rc8 24. b3 a6 1/2-1/2

[Event "Ayvalik Iris"]
[Site "Ayvalik"]
[Date "2023.05.11"]
[Round "7"]
[White "Ipek, Egehan"]
[Black "Akbas, Umut Ata"]
[Result "1-0"]
[WhiteElo "2308"]
[BlackElo "2417"]
[PlyCount "64"]
[EventDate "2023.05.07"]
[EventType "schev"]
[EventRounds "9"]
[EventCountry "TUR"]
[SourceTitle "CBM 214 Extra"]
[Source "ChessBase"]
[SourceDate "2023.07.31"]
[SourceVersion "1"]
[SourceVersionDate "2023.07.31"]
[SourceQuality "1"]
[WhiteTeam "Team C"]
[BlackTeam "Team D"]
[WhiteTeamCountry "TUR"]
[BlackTeamCountry "TUR"]

1. d4 Nf6 2. c4 e6 3. Nf3 d5 4. Nc3 c6 5. e3 Nbd7 6. Bd3 dxc4 7. Bxc4 b5 8. Bd3 Bb7 9. e4 b4 10. Na4 c5 11. e5 Nd5 12. 0-0 cxd4 13. Re1 Be7 14. Nxd4 Qa5 15. Bb5 Rd8 16. Qg4 Kf8 17. Bg5 Bxg5 18. Qxg5 h6 19. Qg4 Nc7 20. Bxd7 Rxd7 21. b3 h5 22. Qf4 Nd5 23. Qd2 Nb6 24. Rad1 Rd5 25. Nxb6 Qxb6 26. Qf4 a5 27. Nf3 Rh6 28. Ng5 Qc7 29. Rxd5 exd5 30. Rc1 Bc6 31. Qf5 Kg8 32. e6 fxe6 1-0

[Event "Ayvalik Iris"]
[Site "Ayvalik"]
[Date "2023.05.10"]
[Round "6"]
[White "Zaksaite, Salomeja"]
[Black "Ipek, Egehan"]
[Result "0-1"]
[WhiteElo "2283"]
[BlackElo "2308"]
[PlyCount "82"]
[EventDate "2023.05.07"]
[EventType "schev"]
[EventRounds "9"]
[EventCountry "TUR"]
[SourceTitle "CBM 214 Extra"]
[Source "ChessBase"]
[SourceDate "2023.07.31"]
[SourceVersion "1"]
[SourceVersionDate "2023.07.31"]
[SourceQuality "1"]
[WhiteTeam "Team D"]
[BlackTeam "Team C"]
[WhiteTeamCountry "TUR"]
[BlackTeamCountry "TUR"]

1. d4 Nf6 2. Nc3 d5 3. Bf4 c5 4. e4 Nxe4 5. Nxe4 dxe4 6. dxc5 Qa5+ 7. c3 Qxc5 8. Qa4+ Nc6 9. Qxe4 g6 10. Nf3 Bg7 11. Be2 Bxc3+ 12. Kf1 Bxb2 13. Rd1 Bf5 14. Qc4 Qxc4 15. Bxc4 0-0 16. Ke2 Rac8 17. Bb3 Kg7 18. h3 e5 19. Bc1 Bxc1 20. Rxc1 Rfd8 21. Rhd1 Be4 22. Ke3 Bxf3 23. Rxd8 Rxd8 24. gxf3 f5 25. f4 exf4+ 26. Kxf4 Rd3 27. Rd1 Rxd1 28. Bxd1 Kf6 29. Ke3 g5 30. f4 gxf4+ 31. Kxf4 Nd4 32. h4 b5 33. Ke3 Ke5 34. Kd3 a5 35. Bh5 f4 36. Bf7 b4 37. Bg8 h6 38. Bf7 Nf5 39. h5 f3 40. Bg8 Kf4 41. Kd2 Ng3 0-1

[Event "Titled Tuesday intern op 28th Mar Late"]
[Site "Chess.com INT"]
[Date "2023.03.28"]
[Round "3"]
[White "Hamitevici, Vladimir"]
[Black "Ipek, Egehan"]
[Result "1-0"]
[WhiteElo "2496"]
[BlackElo "2308"]
[PlyCount "51"]
[EventDate "2023.03.28"]
[EventType "swiss (blitz)"]
[EventRounds "11"]
[EventCountry "USA"]
[SourceTitle "EXT 2024"]
[Source "ChessBase"]
[SourceDate "2023.10.10"]
[SourceVersion "1"]
[SourceVersionDate "2023.10.10"]
[SourceQuality "1"]

1. Nf3 d5 2. c4 c6 3. d4 Nf6 4. e3 e6 5. b3 Nbd7 6. Bd3 b6 7. 0-0 Be7 8. Bb2 0-0 9. Nbd2 Ba6 10. Qc2 c5 11. e4 cxd4 12. e5 Ng4 13. Bxh7+ Kh8 14. Bxd4 dxc4 15. bxc4 Rc8 16. Qa4 Bxc4 17. Nxc4 Kxh7 18. Nd6 Bxd6 19. exd6 f5 20. Rae1 Nc5 21. Bxc5 Rxc5 22. Rxe6 Rf7 23. Qf4 Rd7 24. Ng5+ Kg8 25. Rfe1 Rd5 26. Re8+ 1-0

[Event "Bassano del Grappa Vergani Cup"]
[Site "Bassano del Grappa"]
[Date "2023.02.01"]
[Round "1"]
[White "Lodici, Lorenzo"]
[Black "Ipek, Egehan"]
[Result "1-0"]
[WhiteElo "2511"]
[BlackElo "2135"]
[PlyCount "73"]
[EventDate "2023.02.01"]
[EventType "swiss"]
[EventRounds "9"]
[EventCountry "ITA"]
[SourceTitle "CBM 212 Extra"]
[Source "ChessBase"]
[SourceDate "2023.03.31"]
[SourceVersion "1"]
[SourceVersionDate "2023.03.31"]
[SourceQuality "1"]

1. e4 c6 2. d4 d5 3. exd5 cxd5 4. Nf3 Nf6 5. h3 Nc6 6. Bf4 g6 7. c3 Bg7 8. Bd3 Bf5 9. Bxf5 gxf5 10. Nbd2 e6 11. Nb3 Ne4 12. Nc1 Bf6 13. Nd3 Rg8 14. Rg1 Qa5 15. Qb3 Qa6 16. 0-0-0 Rc8 17. Kb1 Na5 18. Qc2 Nc4 19. Ka1 b5 20. Nfe5 Nxe5 21. dxe5 Be7 22. f3 Nc5 23. g4 Nxd3 24. Qxd3 Rc4 25. Bc1 Qb6 26. Rge1 b4 27. cxb4 Bxb4 28. Re2 Qc6 29. Kb1 f4 30. h4 Ke7 31. Rc2 Rc8 32. Rxc4 dxc4 33. Qd4 a5 34. Bxf4 c3 35. bxc3 Qxc3 36. Qd7+ Kf8 37. Rc1 1-0

[Event "Miercurea Ciuc GP RO Stage 3"]
[Site "Miercurea Ciuc"]
[Date "2022.08.21"]
[Round "2"]
[White "Ipek, Egehan"]
[Black "Nevednichy, Vladislav"]
[Result "0-1"]
[WhiteElo "2172"]
[BlackElo "2473"]
[PlyCount "90"]
[EventDate "2022.08.20"]
[EventType "swiss"]
[EventRounds "9"]
[EventCountry "ROU"]
[SourceTitle "CBM 209 Extra"]
[Source "ChessBase"]
[SourceDate "2022.09.30"]
[SourceVersion "1"]
[SourceVersionDate "2022.09.30"]
[SourceQuality "1"]

1. c4 Nf6 2. Nf3 g6 3. b3 Bg7 4. Bb2 0-0 5. g3 d6 6. d4 Nbd7 7. Bg2 e5 8. dxe5 dxe5 9. 0-0 e4 10. Nd4 Re8 11. Nc3 c6 12. e3 h5 13. Nde2 Qe7 14. Qc2 Nf8 15. Rad1 g5 16. Qc1 Ng6 17. Ba3 Qe6 18. Rd4 Qf5 19. Bb2 c5 20. Rdd1 Ne5 21. Qc2 Nf3+ 22. Kh1 h4 23. Ng1 Nxh2 24. Kxh2 hxg3+ 25. fxg3 Qh7+ 26. Nh3 Bxh3 27. Kg1 Bxg2 28. Qxg2 Rad8 29. Rxf6 Bxf6 30. Nd5 Bg7 31. Rf1 Rd6 32. g4 Bxb2 33. Qxb2 Qh3 34. Nf6+ Rxf6 35. Qxf6 Qxg4+ 36. Kh2 Qh5+ 37. Kg2 Re6 38. Qd8+ Kg7 39. Qd1 Qxd1 40. Rxd1 Ra6 41. Rd5 Rxa2+ 42. Kg3 Kg6 43. b4 cxb4 44. Rb5 Re2 45. Kg4 f5+ 0-1

[Event "Titled Tuesday intern op 28th Jun Late"]
[Site "Chess.com INT"]
[Date "2022.06.28"]
[Round "8"]
[White "Clawitter, Craig"]
[Black "Ipek, Egehan"]
[Result "0-1"]
[WhiteElo "2050"]
[BlackElo "2234"]
[PlyCount "76"]
[EventDate "2022.06.28"]
[EventType "swiss (blitz)"]
[EventRounds "11"]
[EventCountry "USA"]
[SourceTitle "CBM 209 Extra"]
[Source "ChessBase"]
[SourceDate "2022.09.30"]
[SourceVersion "1"]
[SourceVersionDate "2022.09.30"]
[SourceQuality "1"]

1. e4 c5 2. Nf3 e6 3. d4 cxd4 4. Nxd4 a6 5. Bd3 b5 6. a4 b4 7. 0-0 Bb7 8. Nd2 Nf6 9. Kh1 d5 10. e5 Nfd7 11. f4 Nc6 12. N2f3 Bc5 13. Nxc6 Bxc6 14. f5 Nf8 15. Ng5 exf5 16. Rxf5 Ra7 17. Qe2 Ne6 18. Nxe6 fxe6 19. Bg5 Be7 20. Rf7 Kxf7 21. Qh5+ Kg8 22. Be3 Be8 23. Qg4 Rc7 24. Rf1 Rc6 25. Bh6 Bg6 26. Bxg6 hxg6 27. Qxg6 Rxh6 28. Qf7+ Kh8 29. c3 bxc3 30. bxc3 Rxc3 31. h3 Rc4 32. Qf3 Bg5 33. Qg3 Bh4 34. Qf3 Re4 35. Qf7 Rxe5 36. Qa7 Re2 37. Rf7 Re1+ 38. Kh2 Qd6+ 0-1

[Event "Titled Tuesday intern op 28th Jun Late"]
[Site "Chess.com INT"]
[Date "2022.06.28"]
[Round "9"]
[White "Ipek, Egehan"]
[Black "Averjanov, Alexey"]
[Result "0-1"]
[WhiteElo "2234"]
[BlackElo "2399"]
[PlyCount "92"]
[EventDate "2022.06.28"]
[EventType "swiss (blitz)"]
[EventRounds "11"]
[EventCountry "USA"]
[SourceTitle "CBM 209 Extra"]
[Source "ChessBase"]
[SourceDate "2022.09.30"]
[SourceVersion "1"]
[SourceVersionDate "2022.09.30"]
[SourceQuality "1"]

1. c4 c5 2. g3 Nc6 3. Bg2 g6 4. Nf3 Bg7 5. 0-0 e6 6. Nc3 Nge7 7. d3 0-0 8. Rb1 d5 9. cxd5 exd5 10. a3 a5 11. Bf4 b6 12. Nb5 Bb7 13. Qd2 Rc8 14. Nd6 Rc7 15. Nxb7 Rxb7 16. Bh6 Re8 17. Bxg7 Kxg7 18. d4 c4 19. Ne5 b5 20. f4 f6 21. Nxc6 Nxc6 22. Rfe1 Rbe7 23. e3 b4 24. axb4 axb4 25. Ra1 Qd7 26. Ra6 f5 27. Qf2 Nxd4 28. Rd1 Qb5 29. Rd6 Ne6 30. R1xd5 Nc5 31. e4 Rc8 32. e5 c3 33. bxc3 bxc3 34. Qc2 Rec7 35. Qxc3 Qb1+ 36. Bf1 Kh6 37. g4 fxg4 38. Qe3 Qe4 39. Qg3 Qf5 40. Rf6 Qh5 41. f5 Ne4 42. Qe3+ Ng5 43. fxg6 hxg6 44. e6 Rc1 45. Rf7 R8c2 46. Rxg5 Qxh2# 0-1

[Event "EU-ch Amateur Online Final 1700/2000"]
[Site "Tornelo INT"]
[Date "2021.04.25"]
[Round "2"]
[White "Stefanidi, Maria Anna"]
[Black "Ipek, Egehan"]
[Result "1-0"]
[WhiteElo "1983"]
[BlackElo "1723"]
[PlyCount "67"]
[EventDate "2021.04.25"]
[EventType "swiss (rapid)"]
[EventRounds "9"]
[EventCountry "NET"]
[SourceTitle "EXT 2023"]
[Source "ChessBase"]
[SourceDate "2022.10.05"]
[SourceVersion "1"]
[SourceVersionDate "2022.10.05"]
[SourceQuality "1"]

1. e4 c5 2. Nf3 e6 3. d4 cxd4 4. Nxd4 a6 5. c4 Nf6 6. Bd3 Nc6 7. Nc2 d6 8. 0-0 Ne5 9. Nc3 Nxd3 10. Qxd3 Be7 11. Kh1 0-0 12. f4 Qc7 13. Bd2 Bd7 14. Rac1 Rac8 15. b3 Bc6 16. Ne3 Rfd8 17. f5 b6 18. Be1 Qb7 19. fxe6 fxe6 20. Rf4 e5 21. Rh4 Nd7 22. Ned5 Bxh4 23. Bxh4 Rf8 24. Ne7+ Kh8 25. Nxc8 Nc5 26. Qxd6 Rxc8 27. Rf1 Qa8 28. Rf7 Nxe4 29. Qxe5 Rg8 30. Nxe4 Bxe4 31. Bf6 Bxg2+ 32. Kg1 h6 33. Bxg7+ Kh7 34. Qf5# 1-0